| 000 | 00458cam a2200181ua 4500 | ||
|---|---|---|---|
| 020 | _c16.00 | ||
| 041 |
_ahin _h |
||
| 082 |
_a891.43 _bBAL/HA |
||
| 100 | _aBalakrishna Sharma, Navin . | ||
| 245 |
_aHam vishpayi janam ke / _cBalakrishna sharma navin. _hTextual Documents |
||
| 250 |
_a1 / _b. |
||
| 260 |
_aKashi : _bBharatiya Jnanpeeth , _c1964. |
||
| 300 | _a645 ; . | ||
| 365 | _a16.00 | ||
| 504 | _a | ||
| 942 | _cBK | ||
| 999 |
_c11918 _d11918 |
||